Telecommunication system engineering

Gardado en:
Detalles Bibliográficos
Autor Principal: Roger L. Freeman
Formato: Libro
Idioma:Undetermined
Publicado: New York John Wiley and Sons 1996
Những chủ đề:
Các nhãn: Engadir etiqueta
Sen Etiquetas, Sexa o primeiro en etiquetar este rexistro!
Thư viện lưu trữ: Trung tâm Học liệu Trường Đại học Cần Thơ
LEADER 00554nam a2200181Ia 4500
001 CTU_56351
008 210402s9999 xx 000 0 und d
082 |a 621.382 
082 |b F855 
100 |a Roger L. Freeman 
245 0 |a Telecommunication system engineering 
245 0 |c Roger L. Freeman 
260 |a New York 
260 |b John Wiley and Sons 
260 |c 1996 
650 |a telecommunication systems,telephone systems 
650 |x design and construction,design and construction 
980 |a Trung tâm Học liệu Trường Đại học Cần Thơ